000 05879nas1a22006611i 4500
001 RU\NLR\INFOCOMM16\1000090879
005 20240726002234.0
011 _a0134-3041
035 _a(NLR Aleph) 002565657
090 _a3144262
_c3144262
100 _a20040518b19661992|||y0rusy50 ca
101 0 _arus
102 _aRU
110 _aayu||||0|y0
200 1 _aНовая отечественная и иностранная литература по общественным наукам
_eБиблиогр. указ.
_iСлавяноведение и балканистика
_fРос. акад. наук. РАН, ИНИОН. Отд. науч.-библиогр. обраб. лит. и формирования баз данных. Сектор НБИ по регион. пробл.
210 _aМ.
_d1966-1992
311 _aПрекр. на №11/12 1992
430 0 _12001#$aНовая литература по общим проблемам славяноведения
_tНовая литература по общим проблемам славяноведения
430 0 _12001#$aНовая литература по общим проблемам славяноведения и балканистики
_tНовая литература по общим проблемам славяноведения и балканистики
430 0 _12001#$aНовая советская и иностранная литература по общественным наукам$iПроблемы славяноведения и балканистики
_tНовая советская и иностранная литература по общественным наукам
712 0 2 _aИнститут научной информации по общественным наукам
_cМосква
_4570
801 1 _aRU
_bInfoComm
_c20040518
801 0 _aRU
_bNLR
_gPSBO
852 _aNLR
_bС
_jП-2/294
852 _aNLR
_jС571Сл.стр./Н72
942 _cJOURNAL
980 _aRUSPER